Research methods for construction / (Record no. 548037)

000 -LEADER
fixed length control field 00642cam a22001934a 4500
020 ## - INTERNATIONAL STANDARD BOOK NUMBER
International Standard Book Number 0632064358 (alk. paper)
082 00 - DEWEY DECIMAL CLASSIFICATION NUMBER
Classification number 624.072
Author Mark FEL
-- N-1, P-108.
100 1# - MAIN ENTRY--PERSONAL NAME
Personal name Fellows, Richard,
9 (RLIN) 44214
245 10 - TITLE STATEMENT
Title Research methods for construction /
Statement of responsibility, etc. Richard Fellows and Anita Liu.
250 ## - EDITION STATEMENT
Edition statement 2nd ed.
260 ## - PUBLICATION, DISTRIBUTION, ETC.
Place of publication, distribution, etc. Malden, MA :
Name of publisher, distributor, etc. Blackwell Science,
Date of publication, distribution, etc. 2003.
300 ## - PHYSICAL DESCRIPTION
Extent x, 262 p. :
Other physical details ill. ;
Dimensions 25 cm.
526 ## - STUDY PROGRAM INFORMATION NOTE
Program name 0
Interest level 1
Reading level 0
Title point value 624_072000000000000_FEL
650 #0 - SUBJECT ADDED ENTRY--TOPICAL TERM
Topical term or geographic name entry element Building
General subdivision Research
-- Methodology.
9 (RLIN) 44215
650 #0 - SUBJECT ADDED ENTRY--TOPICAL TERM
Topical term or geographic name entry element MCE
9 (RLIN) 379
700 1# - ADDED ENTRY--PERSONAL NAME
Personal name Liu, Anita.
9 (RLIN) 24896
856 42 - ELECTRONIC LOCATION AND ACCESS
Uniform Resource Identifier <a href="http://www.e-streams.com/es0611/es0611_2838.html">http://www.e-streams.com/es0611/es0611_2838.html</a>
942 ## - ADDED ENTRY ELEMENTS (KOHA)
Source of classification or shelving scheme
Koha item type Book
Holdings
Withdrawn status Lost status Source of classification or shelving scheme Damaged status Not for loan Permanent Location Current Location Date acquired Total Checkouts Full call number Barcode Date last seen Date last checked out Price effective from Koha item type
          Military College of Engineering (MCE) Military College of Engineering (MCE) 08/19/2014 3 624.072 FEL MCE-37217 03/16/2017 03/16/2017 08/19/2014 Book
© 2023 Central Library, National University of Sciences and Technology. All Rights Reserved.